Statystyki dla W którym klubie grał ten piłkarz?

Kliknij tutaj aby rozwiązać quiz!

Ogólne statystyki

  • Ten quiz został rozwiązany 11 razy
    (9 od ostatniego zresetowania)
  • Średni wynik to 8 z 14

Statystyki odpowiedzi

ZagadnienieOdpowiedź% Poprawnych
Nicolas AnelkaChelsea
100%
Keisuke HondaAC Milan
88%
Samuel EtoAnzy Mahaczalka
88%
Fernando TorresSagan Tosu
75%
Rafael Van Der VaartTottenham
75%
Juan MataValencia
75%
Adnan JanuzajBasekhir
63%
GutiBesiktas
50%
Kerem DemirbayBorussia Dortmund
50%
Jakub BłaszczykowskiKs Stradom
50%
Jonathan TahFortuna Dusseldorf
38%
Alex TellesGalatasaray
38%
Axel TuanzebeStoke City
38%
Emmanuel AdebayorFC Metz
13%

Rozkład punktacji

Percentyl według liczby udzielonych odpowiedzi

Procent ludzi z każdym wynikiem

Twoja historia wyników

Nie rozwiązałeś tego quizu od ostatniego zresetowania